Molecular and functional characterisation of two POU homeodomain genes in Drosophila melanogaster /
Saved in:
| Main Author: | |
|---|---|
| Format: | Thesis Book |
| Language: | English |
| Published: |
1995.
|
| Subjects: | |
| Tags: |
Add Tag
No Tags, Be the first to tag this record!
|
| LEADER | 00811cam a2200229 a 4500 | ||
|---|---|---|---|
| 001 | u390813 | ||
| 003 | SIRSI | ||
| 008 | 960103s1995 si v 00 1 eng m | ||
| 035 | |a ABY-8983 | ||
| 040 | |a UMM | ||
| 090 | |a QL537 |b D76Yeo | ||
| 100 | 1 | 0 | |a Yeo, Su Ling. |
| 245 | 1 | 0 | |a Molecular and functional characterisation of two POU homeodomain genes in Drosophila melanogaster / |c by Yeo Su Ling. |
| 260 | |c 1995. | ||
| 300 | |a 1 v. (various pagings) : |b ill. ; |c 31 cm. | ||
| 502 | |a Thesis (Ph.D.) -- National University of Singapore, 1995. | ||
| 504 | |a Includes bibliographical references. | ||
| 650 | 0 | |a Drosophila melanogaster |x Genetics | |
| 650 | 0 | |a Drosophila melanogaster |x Development | |
| 948 | |a 03/01/1996 |b 25/11/2000 | ||
| 596 | |a 1 | ||
| 999 | |a QL537 D76YEO |w LC |c 1 |i A505356163 |l STACKS |m P01UTAMA |r Y |s Y |t TESIS |u 24/4/1996 | ||
